Структурные, механические и адгезионные исследования покрытий на основе гидроксиапатита с легирующими элементами; Перспективы развития фундаментальных наук; Т. 1 : Физика

Detalhes bibliográficos
Parent link:Перспективы развития фундаментальных наук=Prospects of Fundamental Sciences Development: сборник научных трудов XХII Международной конференции студентов, аспирантов и молодых ученых, г. Томск, 22-25 апреля 2025/ Национальный исследовательский Томский политехнический университет ; под ред. И. А. Курзиной [и др.].— .— Томск: Изд-во ТПУ
Т. 1 : Физика.— 2025.— С. 23-25
Autor principal: Анорин В. Е. Виталий Евгеньевич
Outros Autores: Козадаева М. Мария (научный руководитель), Сурменев Р. А. Роман Анатольевич
Resumo:Заглавие с экрана
In this work the influence of magnesium and strontium as doping elements on the structure, mechanical and adhesion properties of hydroxyapatite-based coatings was investigated. X-ray diffraction, nanoindentation and scratch-test were used as research methods. Changes in crystal structure, hardness, Young's modulus and adhesive fracture pattern were studied depending on the type of doping element
Текстовый файл
Idioma:russo
Publicado em: 2025
Assuntos:
Acesso em linha:http://earchive.tpu.ru/handle/11683/132872
Formato: MixedMaterials Recurso Electrónico Capítulo de Livro
KOHA link:https://koha.lib.tpu.ru/cgi-bin/koha/opac-detail.pl?biblionumber=682329

MARC

LEADER 00000naa2a2200000 4500
001 682329
005 20251101132621.0
090 |a 682329 
100 |a 20251015d2025 k||y0rusy50 ca 
101 0 |a rus 
102 |a RU 
135 |a drcn ---uucaa 
200 1 |a Структурные, механические и адгезионные исследования покрытий на основе гидроксиапатита с легирующими элементами  |d Structural, mechanical and adhesion investigation of doped hydroxyapatitis-based coatings  |f В. Анорин, М. Козадаева  |g науч. рук. Р. А. Сурменев  |z eng 
300 |a Заглавие с экрана 
320 |a Список литературы: 4 назв 
330 |a In this work the influence of magnesium and strontium as doping elements on the structure, mechanical and adhesion properties of hydroxyapatite-based coatings was investigated. X-ray diffraction, nanoindentation and scratch-test were used as research methods. Changes in crystal structure, hardness, Young's modulus and adhesive fracture pattern were studied depending on the type of doping element 
336 |a Текстовый файл 
461 1 |0 682243  |t Перспективы развития фундаментальных наук  |l Prospects of Fundamental Sciences Development  |o сборник научных трудов XХII Международной конференции студентов, аспирантов и молодых ученых, г. Томск, 22-25 апреля 2025  |9 682243  |c Томск  |n Изд-во ТПУ  |f Национальный исследовательский Томский политехнический университет ; под ред. И. А. Курзиной [и др.] 
463 1 |0 682245  |9 682245  |t Т. 1 : Физика  |d 2025  |u conference_tpu-2025-C21_V1.pdf  |v С. 23-25  |l Vol. 1 : Physics 
610 1 |a труды учёных ТПУ 
610 1 |a электронный ресурс 
610 1 |a biomaterials 
610 1 |a radio frequency magnetron sputtering 
610 1 |a hydroxyapatite coatings 
700 1 |a Анорин  |b В. Е.  |g Виталий Евгеньевич  |f 2003-  |c физик  |c ассистент, инженер-исследователь Томского политехнического университета  |9 88693 
701 1 |a Козадаева  |b М.  |c химик  |c инженер Томского политехнического университета  |f 1998-  |g Мария  |9 22898 
702 1 |a Сурменев  |b Р. А.  |c физик  |c старший научный сотрудник Томского политехнического университета, доцент, кандидат физико-математических наук  |f 1982-  |g Роман Анатольевич  |4 727 
801 0 |a RU  |b 63413507  |c 20251015  |g RCR 
856 4 |z http://earchive.tpu.ru/handle/11683/132872  |u http://earchive.tpu.ru/handle/11683/132872 
942 |c CF